| 000 | 01435cam a2200349 i 4500 | ||
|---|---|---|---|
| 001 | 21539316 | ||
| 003 | EG-ScBUE | ||
| 005 | 20211109135623.0 | ||
| 008 | 200521t2020 ncua f b 001 0 eng d | ||
| 020 | _a9781611634747 | ||
| 040 |
_aDLC _beng _erda _cDLC _dEG-ScBUE |
||
| 043 | _an-us--- | ||
| 082 | 0 | 4 |
_a343.7309944 _bWAG _222 |
| 100 | 1 |
_aWagner, Abraham _c(Law professor), _eauthor. _938291 |
|
| 245 | 1 | 0 |
_aCybersecurity and cyberlaw / _cAbraham Wagner, visiting professor of law, UCLA School of Law, Nicholas Rostow, senior research scholar, Yale law School, senior partner, Zumpano Patricios & Popok, PLLC. |
| 264 | 1 |
_aDurham, North Carolina : _bCarolina Academic Press, _c[2020] |
|
| 264 | 4 | _cc2020 | |
| 300 |
_axxx, 1289 pages : _billustrations ; _c27 cm |
||
| 336 |
_atext _btxt _2rdacontent |
||
| 337 |
_aunmediated _bn _2rdamedia |
||
| 338 |
_avolume _bnc _2rdacarrier |
||
| 504 | _aIncludes bibliographical references and index. | ||
| 650 | 7 |
_aComputer security _xLaw and legislation _zUnited States. _2BUEsh |
|
| 650 | 7 |
_aData protection _xLaw and legislation _zUnited States. _2BUEsh |
|
| 650 | 7 |
_aInternet _xLaw and legislation _zUnited States. _2BUEsh |
|
| 653 |
_bLLAAWW _cNovember2021 |
||
| 655 |
_vReading book _934232 |
||
| 700 | 1 |
_aRostow, Nicholas _c(Attorney), _eauthor. |
|
| 906 |
_a7 _bcbc _corignew _d2 _eepcn _f20 _gy-gencatlg |
||
| 942 |
_2ddc _cBB |
||
| 999 |
_c29666 _d29637 |
||